000 00519nam a22001817a 4500
003 UA-OsUOA
001 6527
007 ta
008 20040505b un ||||| |||| 00| 0 ukr d
100 _aБульба О.
942 _cSA
040 _aUA-OsUOA
_cUA-OsUOA
_dUA-OsUOA
245 _aДеякі аспекти реформування моделі поділу влади в Україні
300 _aС.27-29
955 _a0
773 0 _w0
_tПраво України
_dКиїв
_d2004
_gN4
650 7 _aВлада
_2UDC
999 _c292688
_d292688